[Event "Olympiad Women 2024"]
[Site "Budapest HUN"]
[Date "2024.09.14"]
[Round "4.11"]
[Board "3"]
[White "Lehaci, Miruna-Daria"]
[Black "Kiolbasa, Oliwia"]
[Result "1/2-1/2"]
[WhiteElo "2180"]
[BlackElo "2348"]
[PlyCount "65"]
[EventDate "2024.09.11"]
[WhiteTeam "Romania"]
[BlackTeam "Poland"]
[WhiteTeamCountry "ROU"]
[BlackTeamCountry "POL"]

1. e4 c5 2. Nf3 d6 3. d4 cxd4 4. Nxd4 Nf6 5. Nc3 Nc6 6. Bg5 e6 7. Qd2 a6 8. O-O-O Bd7 9. Nxc6 Bxc6 10. f3 Be7 11. Be3 $146 ({RR} 11. Bd3 O-O 12. Ne2 Nd7 13. h4 Ne5 14. Nd4 Nxd3+ 15. cxd3 Ba4 16. b3 Bd7 17. Bxe7 Qxe7 18. Qg5 f6 19. Qd2 d5 20. Kb2 e5 21. Nf5 Bxf5 22. exf5 a5 23. a3 Qd7 24. g4 d4 25. f4 a4 {1-0 Ciganovic,N (2258)-Gupta,A (2481) Wch U20 45th 2006 (1)}) ({RR} 11. h4 Qa5 12. Kb1 Rc8 13. Bd3 h6 14. Be3 Qc7 15. g4 Nd7 16. g5 hxg5 17. hxg5 Rxh1 18. Rxh1 Ne5 19. Be2 b5 20. f4 b4 21. Nd5 Bxd5 22. exd5 Nc4 23. Bxc4 Qxc4 24. dxe6 fxe6 25. Re1 Qe4 {1-0 Wang,H (2722)-Guseinov,G (2661) Shusha Rapid 2022 (4)}) ({RR} 11. Kb1 Qc7 12. h4 h6 13. Be3 b5 14. Ne2 Nd7 15. Nd4 Bb7 16. c4 bxc4 17. Bxc4 O-O 18. Rc1 Qd8 19. Bxh6 gxh6 20. Qxh6 Bf6 21. Nxe6 Qb6 22. e5 Bxe5 23. Rc2 Rab8 24. Qg5+ Kh8 25. Qh5+ Kg8 {1-0 Blomqvist,E (2491)-Shevchenko,K (2673) 45th Olympiad 2024 (3.17)}) 11... h5 12. Kb1 b5 13. Ne2 Rc8 14. Nd4 Bb7 15. Rc1 Nd7 16. c4 bxc4 17. Bxc4 d5 18. exd5 Nb6 19. Nc6 Nxc4 20. Rxc4 Qxd5 21. Nxe7 Qxd2 22. Rxc8+ Kxe7 23. Rc7+ Qd7 24. Rxd7+ Kxd7 25. Rd1+ Bd5 26. h4 Rc8 27. b3 Ke7 28. Kb2 f6 29. Rd4 Kd6 30. Rb4 e5 31. Rb6+ Rc6 32. Rxc6+ Kxc6 33. Kc3 1/2-1/2

[Event "Olympiad Women 2024"]
[Site "Budapest HUN"]
[Date "2024.09.14"]
[Round "4.11"]
[Board "4"]
[White "Sliwicka, Alicja"]
[Black "Ciolacu, Alessia-Mihaela"]
[Result "1-0"]
[WhiteElo "2373"]
[BlackElo "2160"]
[PlyCount "97"]
[EventDate "2024.09.11"]
[WhiteTeam "Poland"]
[BlackTeam "Romania"]
[WhiteTeamCountry "POL"]
[BlackTeamCountry "ROU"]

1. e4 e5 2. Nf3 Nc6 3. Bc4 Bc5 4. d3 Nf6 5. Bg5 d6 6. c3 h6 7. Bh4 a5 8. a4 ({RR} 8. O-O Bb6 9. Kh1 g5 10. Bg3 Nh5 11. Nbd2 Bg4 12. h3 Bd7 13. Bb5 Nf4 14. Nc4 h5 15. Nxb6 cxb6 16. Nd2 Kf8 17. d4 Ne7 18. Bxd7 Qxd7 19. dxe5 dxe5 20. Nf3 Qc7 21. Nxg5 Rd8 22. Qc2 Neg6 {1-0 Firouzja,A (2777)-Carlsen,M (2835) SuperUnited Rapid 2023 (5.5)}) 8... Ba7 9. Nbd2 O-O 10. O-O $146 ({RR} 10. h3 g5 11. Nxg5 hxg5 12. Bxg5 Kg7 13. Qf3 Be6 14. Nf1 Rh8 15. Ne3 Qe7 16. O-O-O Rag8 17. Rhf1 Nb8 18. d4 exd4 19. cxd4 Nbd7 20. e5 dxe5 21. d5 Qb4 22. Qe2 Bxh3 23. gxh3 Kf8 24. h4 Bd4 {1-0 Giri,A (2768)-Ding Liren (2788) Superbet Classic 2023 (7.4)}) ({RR} 10. h3 g5 11. Nxg5 hxg5 12. Bxg5 Kg7 13. Qf3 Rh8 14. Nf1 Kg6 15. h4 Kg7 16. Ne3 Rh6 17. Bxh6+ Kxh6 18. g4 Bxe3 19. g5+ Bxg5 20. hxg5+ Kxg5 21. Qg3+ Bg4 22. Qh4+ Kf4 23. Qh6+ Kf3 24. Qe3+ Kg2 {1-0 Durarbayli,V (2628)-Zhu,J (2469) Titled Tue 30th Jul Late 2024 (8)}) ({RR} 10. h3 g5 11. Nxg5 hxg5 12. Bxg5 Kg7 13. Qf3 Be6 14. Rf1 Rh8 15. O-O-O Nb8 16. Qe2 Qe8 17. f4 Nbd7 18. fxe5 Nh7 19. Qh5 Nxe5 20. Bh6+ Kg8 21. d4 Nxc4 22. Rf3 Nf8 23. Rdf1 Ng6 24. Rg3 Nxd2 {1-0 Caruana,F (2795)-Firouzja,A (2777) Saint Louis Blitz 2023 (6.3)}) 10... Qe7 11. Re1 Be6 12. Bb5 Nb8 13. d4 Bg4 14. h3 Bh5 15. g4 Bg6 16. Nf1 c6 17. Bd3 Nbd7 18. Ng3 Qe6 19. Nf5 Nb6 20. Bg3 Bb8 21. Bc2 Re8 22. Bb3 Qd7 23. dxe5 dxe5 24. Qe2 Bc7 25. Rad1 Qc8 26. N3h4 Bh7 27. Rd2 Qb8 28. Red1 c5 29. Ba2 Ra6 30. f3 Bxf5 31. Nxf5 Nh7 32. Bf2 Ng5 33. Kh2 Nxa4 34. h4 Ne6 35. Bc4 Nf4 36. Bxf7+ Kxf7 37. Qc4+ Ne6 38. Rd7+ Kf8 39. Qxa4 b5 40. Qa2 c4 41. b3 Rc6 42. bxc4 Rxc4 43. Qd2 Rd8 44. Nxg7 Nd4 45. Ne6+ Ke8 46. Rxd8+ Qxd8 47. cxd4 exd4+ 48. Nxc7+ Qxc7+ 49. Kg2 1-0

[Event "Olympiad Women 2024"]
[Site "Budapest HUN"]
[Date "2024.09.14"]
[Round "4.12"]
[Board "1"]
[White "Unuk, Laura"]
[Black "Mammadzada, Gunay"]
[Result "0-1"]
[WhiteElo "2316"]
[BlackElo "2433"]
[PlyCount "98"]
[EventDate "2024.09.11"]
[WhiteTeam "Slovenia"]
[BlackTeam "Azerbaijan"]
[WhiteTeamCountry "SLO"]
[BlackTeamCountry "AZE"]

1. d4 Nf6 2. Nf3 d5 3. Bf4 e6 4. e3 c5 5. Nbd2 Qb6 6. a4 Nc6 7. dxc5 Bxc5 8. Nb3 Be7 9. Ne5 $146 ({RR} 9. Bd3 O-O 10. O-O Bd7 11. a5 Qd8 12. Ne5 Be8 13. c3 Nd7 14. Nxd7 Bxd7 15. Qh5 f5 16. f3 e5 17. e4 exf4 18. exd5 Ne5 19. Rfd1 Rf6 20. Qh4 Nxf3+ {0-1 Rodriguez,O (1922)-Garcia Garcia,A (2247) Guillermo Garcia Memorial op 2022 (1)}) 9... O-O 10. a5 Qd8 11. Bd3 Bd6 12. Nxc6 bxc6 13. O-O Rb8 14. Bg3 e5 15. c4 Bg4 16. f3 Be6 17. c5 Bc7 18. Bc2 Qc8 19. Bh4 Nd7 20. f4 f5 21. Bg3 g6 22. Ra3 Rb5 23. Bd3 Rb8 24. Bc2 Qd8 25. fxe5 Nxe5 26. Nd4 Bd7 27. Ba4 Qf6 28. Rb3 h5 29. Qe1 Rxb3 30. Bxb3 Nd3 31. Qc3 Bxg3 32. Qxd3 Bc7 33. Nb5 Bb8 34. g3 h4 35. gxh4 Qxh4 36. Rf2 Qb4 37. Bxd5+ cxd5 38. Qxd5+ Rf7 39. c6 Bc8 40. c7 Bxc7 41. Nxc7 Bb7 42. Qd8+ Kh7 43. Rd2 Qg4+ 44. Kf1 Qh3+ 45. Ke1 Qxe3+ 46. Kd1 Bf3+ 47. Kc1 Qc5+ 48. Rc2 Qg1+ 49. Kd2 Qd1+ 0-1

[Event "Olympiad Women 2024"]
[Site "Budapest HUN"]
[Date "2024.09.14"]
[Round "4.12"]
[Board "2"]
[White "Fataliyeva, Ulviyya"]
[Black "Urh, Zala"]
[Result "1/2-1/2"]
[WhiteElo "2378"]
[BlackElo "2251"]
[PlyCount "95"]
[EventDate "2024.09.11"]
[WhiteTeam "Azerbaijan"]
[BlackTeam "Slovenia"]
[WhiteTeamCountry "AZE"]
[BlackTeamCountry "SLO"]

1. Nf3 Nf6 2. c4 g6 3. Nc3 Bg7 4. e4 e5 5. Nxe5 O-O 6. Nf3 Re8 7. d3 d5 8. cxd5 Nxd5 9. Nxd5 Qxd5 10. Be2 Qd6 11. O-O c5 12. Nd2 ({RR} 12. Qc2 Nc6 13. Be3 b6 14. a3 Bg4 15. Ng5 Be6 16. Nxe6 Qxe6 17. Kh1 Rad8 18. f4 Bd4 19. f5 Qe7 20. Qd2 Bxe3 21. Qxe3 Qe5 22. Rab1 Nd4 23. Qf2 gxf5 24. Bh5 f4 25. Bg4 Ne6 26. Rbd1 Kh8 {1-0 Aronian,L (2784)-Grischuk,A (2752) chess.com gf blitz 5m+2spm 2016 (6)}) ({RR} 12. h3 Nc6 13. a3 Be6 14. Qc2 h6 15. Be3 b6 16. Rac1 Rac8 17. Qd2 Kh7 18. Bf4 Qd7 19. Rfe1 Red8 20. Qc2 Na5 21. Be5 Nb3 22. Rcd1 Nd4 23. Qc3 f6 24. Bg3 Qf7 25. Nxd4 cxd4 26. Qd2 Rc6 {1-0 Mammadzada,G (2449)-Papp,P (2267) Swiss Queens Wed #3 2024 (3.85)}) 12... Nc6 13. f4 $146 ({RR} 13. Nc4 Qd8 14. f4 Nd4 15. Bf3 Be6 16. e5 Nxf3+ 17. Qxf3 Bf8 18. Nd2 Qd4+ 19. Kh1 Red8 20. Ne4 Be7 21. Be3 Qxd3 22. Bxc5 Qxf3 23. Rxf3 Bxc5 24. Nxc5 Bd5 25. Rc3 b6 26. Nb3 a5 27. Kg1 Bxb3 {½-½ Stremavicius,T (2506)-Yoo,C (2449) Saint Louis Winter-A 2019 (5)}) ({RR} 13. Nc4 Qc7 14. g3 Be6 15. Bf4 Qd8 16. Rc1 b6 17. Qd2 Bxc4 18. Rxc4 Qd7 19. Kg2 Rad8 20. Bg5 Rc8 21. h3 Nd4 22. Be3 Rcd8 23. Rd1 f5 24. f3 a5 25. h4 Qd6 26. h5 gxh5 27. Bxd4 Bxd4 {½-½ Javakhishvili,L (2446)-Padmini,R (2353) Women's World Teams PoolA 2023 (4.2)}) 13... Nd4 14. Nc4 Qe7 15. Be3 Be6 16. Rc1 Rad8 17. b3 b6 18. Bxd4 Bxd4+ 19. Kh1 b5 20. Nd2 a5 21. Rc2 f5 22. Qe1 Ra8 23. Nf3 Red8 24. Nxd4 Rxd4 25. Bf3 Ra7 26. Qc3 a4 27. b4 fxe4 28. Bxe4 Rxb4 29. Re1 Qd6 30. Rce2 Bf7 31. f5 gxf5 32. Bxf5 Rh4 33. h3 Qd4 34. Qc1 Rh5 35. Re4 Qf2 36. Rg4+ Bg6 37. Bxg6 hxg6 38. Rf1 Qxa2 39. Qf4 Rg7 40. Qb8+ Kh7 41. Qxb5 a3 42. Qc4 Qxc4 43. Rxc4 Ra7 44. Ra1 a2 45. Rc2 Rd5 46. Rcxa2 Rxa2 47. Rxa2 Rxd3 48. Rc2 1/2-1/2

[Event "Olympiad Women 2024"]
[Site "Budapest HUN"]
[Date "2024.09.14"]
[Round "4.12"]
[Board "3"]
[White "Janzelj, Lara"]
[Black "Beydullayeva, Govhar"]
[Result "0-1"]
[WhiteElo "2193"]
[BlackElo "2395"]
[PlyCount "74"]
[EventDate "2024.09.11"]
[WhiteTeam "Slovenia"]
[BlackTeam "Azerbaijan"]
[WhiteTeamCountry "SLO"]
[BlackTeamCountry "AZE"]

1. d4 Nf6 2. c4 e6 3. Nf3 d5 4. g3 Bb4+ 5. Bd2 Be7 6. Bg2 O-O 7. O-O Nbd7 8. Qc2 c6 9. Rd1 a5 10. b3 b6 11. Bf4 ({RR} 11. Bc3 Ba6 12. Nbd2 b5 13. e4 bxc4 14. bxc4 dxe4 15. Ne5 Qc7 16. Nxe4 Nxe5 17. dxe5 Nxe4 18. Qxe4 Rfd8 19. Qxc6 Qxc6 20. Bxc6 Rac8 21. Bf3 a4 22. Rxd8+ Bxd8 23. Rd1 Bxc4 24. Bc6 Bxa2 25. Bxa4 Bd5 {0-1 Sarabando,R (2046)-Gasparyan,E (2350) 32nd EY Open U18 2024 (1.22)}) 11... Ba6 12. Nbd2 Nh5 13. Ne5 $146 ({RR} 13. Be3 Rc8 14. Ne5 Nhf6 15. Ndf3 c5 16. Qb2 Bb7 17. Rac1 Qe8 18. dxc5 bxc5 19. cxd5 Bxd5 20. Nc4 a4 21. bxa4 Rb8 22. Qc2 Rb4 23. Nfd2 Qa8 24. f3 Rxa4 25. a3 Bc6 26. Bf2 Ra7 27. Qa2 Ng4 {½-½ Gorshtein,I (2498)-Anton Guijarro,D (2685) 23rd ch-EUR Indiv 2023 (7.27)}) 13... Nxf4 14. gxf4 Rc8 15. Kh1 Nf6 16. e3 c5 17. dxc5 Bxc5 18. Ndf3 Ne4 19. Nd4 Qh4 20. Bxe4 dxe4 21. Nd7 Rfd8 22. Nxc5 bxc5 23. Nb5 Rd3 24. Rg1 Rcd8 25. Rg3 g6 26. Rf1 Qh5 27. Kg2 e5 28. fxe5 Qxe5 29. Qc1 Bc8 30. Qa3 h5 31. h4 Bg4 32. Qxa5 Bf3+ 33. Kh2 Rd1 34. Nd4 R8xd4 35. exd4 Rxf1 36. Qd8+ Kg7 37. dxe5 Rh1# 0-1

[Event "Olympiad Women 2024"]
[Site "Budapest HUN"]
[Date "2024.09.14"]
[Round "4.12"]
[Board "4"]
[White "Mammadova, Gulnar"]
[Black "Vidic, Teja"]
[Result "1/2-1/2"]
[WhiteElo "2336"]
[BlackElo "2128"]
[PlyCount "120"]
[EventDate "2024.09.11"]
[WhiteTeam "Azerbaijan"]
[BlackTeam "Slovenia"]
[WhiteTeamCountry "AZE"]
[BlackTeamCountry "SLO"]

1. e4 e5 2. Nf3 Nc6 3. Bb5 a6 4. Ba4 Nf6 5. O-O Be7 6. d3 b5 7. Bb3 d6 8. a3 O-O 9. Nc3 Na5 10. Ba2 Be6 11. b4 Bxa2 12. Nxa2 Nc6 13. c4 Nd4 ({RR} 13... Qb8 14. Be3 Nd8 15. Nc3 c6 16. d4 exd4 17. Nxd4 bxc4 18. Nf5 Re8 19. Bf4 Nb7 20. Qd4 Bf8 21. Qxc4 Qc8 22. Ng3 a5 23. Rac1 axb4 24. axb4 Qg4 25. Be3 Rac8 26. h3 Qg6 27. Qa6 Rc7 28. Nd5 {1-0 Dyachuk,A (2249)-Durarbayli,V (2618) Titled Tue 25th Jun Early 2024 (2)}) 14. Bb2 ({RR} 14. Nc3 Qd7 15. Be3 c5 16. bxc5 Nxf3+ 17. Qxf3 dxc5 18. Bg5 Qd4 19. Bxf6 Bxf6 20. Nd5 Bd8 21. Qe2 Rb8 22. Rab1 Rb7 23. Rb3 Ba5 24. Rfb1 Rfb8 25. g3 Bd8 26. h4 Kf8 27. Kg2 Kg8 28. Qg4 f5 {1-0 Subelj,J (2425)-Vidic,T (2195) Portoroz Nat Festival 30th 2020 (5)}) 14... Nxf3+ 15. Qxf3 c6 $146 ({RR} 15... Qd7 16. Rac1 c6 17. Rc2 Qe6 18. Qf5 Qxf5 19. exf5 Rfc8 20. Rfc1 c5 21. bxc5 Rxc5 22. d4 Rxc4 23. Rxc4 bxc4 24. dxe5 dxe5 25. Rxc4 Rd8 26. g4 h5 27. g5 Ng4 28. Bc1 e4 29. Rxe4 Bc5 30. Kg2 {½-½ Kovalev,V (2623)-Gharibyan,M (2491) 23rd ch-EUR Indiv 2023 (3.19)}) 16. Rfd1 Qc8 17. Rac1 Qe6 18. Nc3 Nd7 19. Ne2 Rac8 20. Qe3 f5 21. exf5 Qxf5 22. Ng3 Qf7 23. Rc2 c5 24. bxc5 Rxc5 25. Ne4 Rc7 26. Rcd2 Qf4 27. Qe2 Nb6 28. cxb5 axb5 29. Nc3 b4 30. g3 Qf7 31. axb4 Bg5 32. Rc2 Rfc8 33. Qg4 Qb3 34. Qxg5 Qxc2 35. Rd2 Qb3 36. Ne4 Na4 37. Nxd6 Nxb2 38. Nxc8 Rxc8 39. Qxe5 Na4 40. d4 h6 41. d5 Rc1+ 42. Kg2 Qxb4 43. Rd4 Qb5 44. Qe6+ Kh8 45. Qf5 Qf1+ 46. Kf3 Rc3+ 47. Kg4 Qe2+ 48. Kh3 Rf3 49. Qg4 Nc5 50. d6 Nd7 51. Qe4 Qxf2 52. Rd1 Rf8 53. Qe6 Qf5+ 54. Qxf5 Rxf5 55. Kg4 g6 56. Re1 Ne5+ 57. Kh3 Kg7 58. g4 Rg5 59. d7 Nxd7 60. Re7+ Kf6 1/2-1/2

[Event "Olympiad Women 2024"]
[Site "Budapest HUN"]
[Date "2024.09.14"]
[Round "4.13"]
[Board "1"]
[White "Francisco Guecamburu, Candela Be"]
[Black "Wagner, Dinara"]
[Result "1/2-1/2"]
[WhiteElo "2294"]
[BlackElo "2452"]
[PlyCount "76"]
[EventDate "2024.09.11"]
[WhiteTeam "Argentina"]
[BlackTeam "Germany"]
[WhiteTeamCountry "ARG"]
[BlackTeamCountry "GER"]

1. e4 c5 2. Nf3 d6 3. d4 cxd4 4. Nxd4 Nf6 5. Bd3 Nc6 6. Be3 e5 7. Nxc6 bxc6 8. c4 Be7 9. Nc3 O-O 10. O-O Be6 11. h3 $146 ({RR} 11. Qe2 a5 12. h3 Nd7 13. Bc2 Qc7 14. Rfd1 Nc5 15. Rac1 Rab8 16. b3 Bc8 17. f4 exf4 18. Bxf4 Nd7 19. c5 Nxc5 20. e5 d5 21. Qf3 Be6 22. Kh1 a4 23. Ne2 axb3 24. axb3 Rb4 25. Nd4 Rfb8 {0-1 Moen,O (2260)-Helmers,K (2345) Kringsja International Open 1978 (5)}) ({RR} 11. Qe2 Ng4 12. Bc1 Bg5 13. h3 Bxc1 14. Raxc1 Nf6 15. Rfd1 Qe7 16. b4 Nd7 17. Rd2 a5 18. b5 Rfc8 19. Rdc2 Nc5 20. Qe3 Rab8 21. Bf1 Bd7 22. Rd1 Ne6 23. Rcd2 Nd4 24. bxc6 Bxc6 25. Ne2 Ba4 {½-½ Borda Rodas,A (2216)-Heinemann,J (2316) Olympiad Women 2024 (4.13)}) ({RR} 11. Qa4 Ng4 12. Bd2 Bg5 13. Qd1 Rb8 14. b3 Bxd2 15. Qxd2 Qh4 16. h3 Nf6 17. Qe3 Rb7 18. Rad1 Rd7 19. Be2 Nh5 20. Bxh5 Qxh5 21. Rd2 Rfd8 22. Rfd1 g6 23. Rd3 Qh4 24. Na4 Qe7 25. c5 d5 {1-0 Lenderman,A (2572)-Kaliksteyn,A (2373) 1000GM NY Mem Day GMA 2023 (3.2)}) 11... d5 12. cxd5 cxd5 13. exd5 Nxd5 14. Nxd5 Qxd5 15. b3 Rfd8 16. Bc4 Qc6 17. Qe2 Bxc4 18. Qxc4 Qxc4 19. bxc4 Rdc8 20. Rfd1 Rxc4 21. Rd7 Bf8 22. Rxa7 Rxa7 23. Bxa7 Ra4 24. Be3 f5 25. Rc1 Rxa2 26. Bc5 Ra8 27. Bxf8 Rxf8 28. Rc5 e4 29. g3 g6 30. f3 Re8 31. Kf2 Rb8 32. fxe4 fxe4 33. Re5 Rb2+ 34. Ke3 Rb3+ 35. Kf2 Rb2+ 36. Ke3 Rb3+ 37. Kf2 Rb4 38. Ke3 Rb3+ 1/2-1/2

[Event "Olympiad Women 2024"]
[Site "Budapest HUN"]
[Date "2024.09.14"]
[Round "4.13"]
[Board "2"]
[White "Paehtz, Elisabeth"]
[Black "Campos, Maria Jose"]
[Result "1-0"]
[WhiteElo "2455"]
[BlackElo "2252"]
[PlyCount "105"]
[EventDate "2024.09.11"]
[WhiteTeam "Germany"]
[BlackTeam "Argentina"]
[WhiteTeamCountry "GER"]
[BlackTeamCountry "ARG"]

1. d4 Nf6 2. c4 e6 3. Nf3 d5 4. g3 dxc4 5. Bg2 Nc6 6. O-O Rb8 7. e3 Bd7 8. Qe2 b5 9. b3 cxb3 10. axb3 Rb6 $146 ({RR} 10... Bb4 11. Bd2 Qe7 12. Rc1 O-O 13. Ne5 Nxe5 14. dxe5 Nd5 15. e4 Nb6 16. Rxc7 a5 17. Nc3 Rfc8 18. Rxc8+ Rxc8 19. Nd1 Bxd2 20. Qxd2 a4 21. bxa4 bxa4 22. Ne3 Qc5 23. Rb1 a3 24. Qa2 Ra8 25. h4 {0-1 Buzas,B (2213)-Egresi,M (2294) HUN-ch rapid 2018 (7)}) ({RR} 10... Bd6 11. Bb2 O-O 12. Rc1 Nd5 13. Nbd2 a5 14. Ne4 a4 15. Nfd2 Na5 16. Qd3 Nb4 17. Qc3 Nd5 18. Qd3 Nb4 19. Qc3 Nd5 20. Qd3 {½-½ Xue,H (2335)-Gu,J (2079) CHN Team Men 2023 (2.3)}) ({RR} 10... Bb4 11. Ba3 Qe7 12. Bxb4 Qxb4 13. Nbd2 a5 14. Rfc1 O-O 15. Rc5 a4 16. Ne1 Nxd4 17. exd4 Qxd4 18. Rac1 a3 19. Nef3 Qb4 20. Ne5 Rfd8 21. Rxc7 Rbc8 22. Nxd7 Rxc7 23. Rxc7 Nxd7 24. Qd3 Qa5 25. Rxd7 {1-0 Bellahcene,B (2137)-Duessel,U (2235) Oberliga Baden 1112 2011 (4.5)}) 11. e4 a6 12. Be3 Nb4 13. Ne5 Be7 14. Nc3 Rb8 15. Rfd1 O-O 16. Na2 Ra8 17. Nxb4 Bxb4 18. Rdc1 a5 19. Qc2 Ne8 20. Nd3 Be7 21. e5 c6 22. Bd2 Qb6 23. Nc5 Bc8 24. Qe4 Bxc5 25. dxc5 Qd8 26. Qxc6 Ra6 27. Bxa5 Rxa5 28. Rxa5 Qxa5 29. Qxc8 Nc7 30. Qd7 f5 31. b4 Qa7 32. Rd1 h6 33. Qd4 Kh8 34. Ra1 Qb8 35. Qd6 Rd8 36. Qb6 Qc8 37. Qc6 Qb8 38. h4 Kh7 39. Qb6 Qc8 40. Qc6 Rd7 41. Bf1 Qd8 42. Ra7 Kh8 43. Kg2 f4 44. Bxb5 Rf7 45. Rxc7 f3+ 46. Kh3 Rxc7 47. Qe8+ Qxe8 48. Bxe8 Kg8 49. c6 Kf8 50. Bd7 Ke7 51. b5 Ra7 52. b6 Rxd7 53. b7 1-0

[Event "Olympiad Women 2024"]
[Site "Budapest HUN"]
[Date "2024.09.14"]
[Round "4.13"]
[Board "3"]
[White "Borda Rodas, Anapaola S."]
[Black "Heinemann, Josefine"]
[Result "1/2-1/2"]
[WhiteElo "2216"]
[BlackElo "2316"]
[PlyCount "109"]
[EventDate "2024.09.11"]
[WhiteTeam "Argentina"]
[BlackTeam "Germany"]
[WhiteTeamCountry "ARG"]
[BlackTeamCountry "GER"]

1. e4 c5 2. Nf3 d6 3. d4 cxd4 4. Nxd4 Nf6 5. Bd3 Nc6 6. Be3 e5 7. Nxc6 bxc6 8. c4 Be7 9. Nc3 O-O 10. O-O Be6 11. Qe2 ({RR} 11. h3 d5 12. cxd5 cxd5 13. exd5 Nxd5 14. Nxd5 Qxd5 15. b3 Rfd8 16. Bc4 Qc6 17. Qe2 Bxc4 18. Qxc4 Qxc4 19. bxc4 Rdc8 20. Rfd1 Rxc4 21. Rd7 Bf8 22. Rxa7 Rxa7 23. Bxa7 Ra4 24. Be3 f5 25. Rc1 Rxa2 {½-½ Francisco Guecamburu,C (2294)-Wagner,D (2452) Olympiad Women 2024 (4.13)}) 11... Ng4 $146 ({RR} 11... a5 12. h3 Nd7 13. Bc2 Qc7 14. Rfd1 Nc5 15. Rac1 Rab8 16. b3 Bc8 17. f4 exf4 18. Bxf4 Nd7 19. c5 Nxc5 20. e5 d5 21. Qf3 Be6 22. Kh1 a4 23. Ne2 axb3 24. axb3 Rb4 25. Nd4 Rfb8 26. g4 {0-1 Moen,O (2260)-Helmers,K (2345) Kringsja International Open 1978 (5)}) ({RR} 11... Nd7 12. b4 Bg5 13. Rfd1 Bxe3 14. Qxe3 a5 15. b5 Qc7 16. Rac1 Nc5 17. Be2 Rfd8 18. h3 Rab8 19. Rc2 h6 20. Rcd2 Kf8 21. Kh1 Ke7 22. f4 exf4 23. Qxf4 Nb7 24. Qg3 Kf8 25. Qe3 cxb5 26. cxb5 {0-1 Grischuk,A (2745)-Fier,A (2606) Chessable Masters Play-In 2023 (1)}) 12. Bc1 Bg5 13. h3 Bxc1 14. Raxc1 Nf6 15. Rfd1 Qe7 16. b4 Nd7 17. Rd2 a5 18. b5 Rfc8 19. Rdc2 Nc5 20. Qe3 Rab8 21. Bf1 Bd7 22. Rd1 Ne6 23. Rcd2 Nd4 24. bxc6 Bxc6 25. Ne2 Ba4 26. Rc1 Nxe2+ 27. Bxe2 Rc5 28. Qd3 g6 29. Rb1 Rxb1+ 30. Qxb1 Kg7 31. Qb8 Rc6 32. Bf1 Qf8 33. Qa7 Rc5 34. Rb2 Qd8 35. Rb8 Qd7 36. Rb7 Qe6 37. Re7 Qf6 38. Rc7 Rxc7 39. Qxc7 Bc2 40. Qxa5 Bxe4 41. c5 dxc5 42. Qxc5 Bc6 43. Bb5 Bxb5 44. Qxb5 e4 45. a4 Qd4 46. Qb3 Qa1+ 47. Kh2 h5 48. Qb5 Qf6 49. Qc5 Qf4+ 50. g3 Qd2 51. h4 Kh7 52. Kg2 Qa2 53. a5 e3 54. Qxe3 Qxa5 55. Qe4 1/2-1/2

[Event "Olympiad Women 2024"]
[Site "Budapest HUN"]
[Date "2024.09.14"]
[Round "4.13"]
[Board "4"]
[White "Klek, Hanna Marie"]
[Black "Sarquis, Maria Belen"]
[Result "0-1"]
[WhiteElo "2296"]
[BlackElo "2172"]
[PlyCount "86"]
[EventDate "2024.09.11"]
[WhiteTeam "Germany"]
[BlackTeam "Argentina"]
[WhiteTeamCountry "GER"]
[BlackTeamCountry "ARG"]

1. e4 c6 2. d4 d5 3. Nc3 dxe4 4. Nxe4 Nf6 5. Nxf6+ exf6 6. c3 Bd6 7. Bd3 O-O 8. Qc2 Re8+ 9. Ne2 h5 10. Be3 Nd7 11. c4 Nf8 12. O-O-O h4 13. h3 Be6 14. a3 Rc8 15. Nc3 a6 16. Rhe1 Ng6 17. Kb1 b5 $146 ({RR} 17... Ne7 18. Bc1 Qd7 19. Re4 b5 20. c5 Bc7 21. Rxh4 Nf5 22. Re4 Rb8 23. Bf4 Red8 24. Bxc7 Qxc7 25. Rxe6 fxe6 26. Bxf5 exf5 27. Qxf5 Re8 28. Ne4 b4 29. Rd3 Qf7 30. axb4 Rxb4 31. Rg3 Kf8 32. Nd6 {0-1 Degenhard,S (2207)-Nemec,J (2346) 2nd Bundesliga Sud 23-24 2023 (10.6)}) 18. c5 Bb8 19. Bxg6 fxg6 20. Qxg6 Qd7 21. Qh5 a5 22. d5 cxd5 23. Nxd5 Qb7 24. Qf3 Qf7 25. Ka1 b4 26. Nb6 bxa3 27. Nxc8 axb2+ 28. Kxb2 Rxc8 29. Bd4 Bd5 30. Qe3 Qb7+ 31. Ka1 Bf7 32. Qa3 a4 33. f3 Bb3 34. Rd3 Qd5 35. Qb2 Bg3 36. Re4 Rb8 37. Rd2 Qc4 38. Rde2 Qd3 39. Qc1 Bd5 40. Re8+ Rxe8 41. Rxe8+ Kf7 42. Qe3 Qf1+ 43. Kb2 Qb5+ 0-1

[Event "Olympiad Women 2024"]
[Site "Budapest HUN"]
[Date "2024.09.14"]
[Round "4.14"]
[Board "1"]
[White "Maksimovic, Masa"]
[Black "Kosteniuk, Alexandra"]
[Result "0-1"]
[WhiteElo "2093"]
[BlackElo "2483"]
[PlyCount "176"]
[EventDate "2024.09.11"]
[WhiteTeam "Bosnia & Herzegovina"]
[BlackTeam "Switzerland"]
[WhiteTeamCountry "BIH"]
[BlackTeamCountry "SUI"]

1. e4 e5 2. Nf3 Nc6 3. Bb5 a6 4. Ba4 Nf6 5. O-O Be7 6. Re1 b5 7. Bb3 O-O 8. a4 Rb8 9. axb5 axb5 10. Nc3 Bc5 ({RR} 10... d6 11. d3 h6 12. Ne2 Re8 13. Ng3 Bf8 14. c3 b4 15. Qc2 bxc3 16. bxc3 Bg4 17. Nd2 d5 18. Ndf1 Be6 19. Ba4 Bd7 20. Bd2 Ne7 21. Ne3 Bxa4 22. Rxa4 Ng6 23. Nxd5 Nxd5 24. exd5 Qxd5 25. Be3 {0-1 Vachier Lagrave,M (2736)-Dubov,D (2708) Titled Tue 28th Mar Early 2023 (10)}) ({RR} 10... Nd4 11. Nxd4 exd4 12. Ne2 Nxe4 13. Nxd4 Nc5 14. Bd5 Bf6 15. Nf3 Bb7 16. Bxb7 Rxb7 17. d4 Ne6 18. Ra3 c6 19. Ne5 Re8 20. Rh3 Nf8 21. Rhe3 Bxe5 22. dxe5 f6 23. exf6 Rxe3 24. f7+ Kxf7 25. Bxe3 {1-0 Maurizzi,M (2572)-Vrolijk,L (2573) Tata Steel Challengers 2024 (11.4)}) 11. d3 h6 $146 ({RR} 11... Ng4 12. Rf1 h6 13. Nd5 d6 14. c3 Ne7 15. d4 Nxd5 16. dxc5 Nf4 17. Bxf4 exf4 18. cxd6 cxd6 19. Qd4 Qe7 20. Rfd1 Ne5 21. Qxd6 Nxf3+ 22. gxf3 Qg5+ 23. Kh1 Bh3 24. Rg1 Qh4 25. Qe5 g5 26. Ra6 {1-0 Starcevic,G (2167)-Kecap,F (1988) Belgrade Trophy 17th 2004 (6)}) 12. Nd5 Nxd5 13. Bxd5 Qf6 14. c3 Ne7 15. Bb3 d6 16. h3 Ng6 17. Qe2 Bb6 18. Nh2 Be6 19. Bc2 Nh4 20. Be3 Qg6 21. g4 f5 22. f3 fxg4 23. fxg4 Bxe3+ 24. Qxe3 b4 25. Rf1 Rxf1+ 26. Rxf1 bxc3 27. bxc3 Rb2 28. Qc1 Ra2 29. Nf3 Nxf3+ 30. Rxf3 h5 31. g5 h4 32. c4 Qh5 33. Bd1 Bg4 34. c5 Bxf3 35. Bb3+ Kh7 36. Bxa2 Kg6 37. cxd6 cxd6 38. Kf2 Bd1 39. Qe3 Qxg5 40. Bf7+ Kf6 41. Qxg5+ Kxg5 42. Ke3 Kf6 43. Be8 Bb3 44. Bd7 g5 45. Kf3 Bc2 46. Ke3 Bd1 47. Bf5 Bc2 48. Bd7 Bb1 49. Bc8 Ba2 50. Kf3 Bf7 51. Kg4 Bb3 52. Kf3 Ba4 53. Ke3 Bb5 54. Bg4 Ke7 55. Bc8 Bd7 56. Bxd7 Kxd7 57. Kf3 Kc6 58. Kg4 Kc5 59. Kxg5 Kd4 60. Kxh4 Kxd3 61. Kg5 Kxe4 62. h4 d5 63. h5 d4 64. h6 d3 65. h7 d2 66. h8=Q d1=Q 67. Qa8+ Ke3 68. Kf5 Qh5+ 69. Ke6 e4 70. Qa3+ Kf2 71. Qb2+ Kg3 72. Qc3+ Kg4 73. Qe1 Kf4 74. Qf2+ Qf3 75. Qh2+ Qg3 76. Qh6+ Kf3 77. Qh1+ Qg2 78. Qd1+ Kf4 79. Qd6+ Kf3 80. Qd1+ Qe2 81. Qh1+ Ke3 82. Qg1+ Kf4 83. Qh1 e3 84. Qh6+ Kg3 85. Ke5 Qf3 86. Qg6+ Kf2 87. Qc2+ e2 88. Kd4 Kf1 0-1